काव्य का दार्शनिक विश्लेषण : (Record no. 120183)
[ view plain ]
| 000 -LEADER | |
|---|---|
| fixed length control field | 01215nam a22002657a 4500 |
| 005 - DATE AND TIME OF LATEST TRANSACTION | |
| control field | 20170124103154.0 |
| 010 ## - LIBRARY OF CONGRESS CONTROL NUMBER | |
| LC control number | 407509 |
| 020 ## - INTERNATIONAL STANDARD BOOK NUMBER | |
| Terms of availability | 12.50 |
| 035 ## - SYSTEM CONTROL NUMBER | |
| System control number | 407509 |
| 037 ## - SOURCE OF ACQUISITION | |
| Source of stock number/acquisition | Cen Lib/Ret |
| 040 ## - CATALOGING SOURCE | |
| Original cataloging agency | DPL |
| Language of cataloging | HN |
| 082 ## - DEWEY DECIMAL CLASSIFICATION NUMBER | |
| Classification number | 821.08 |
| Item number | सहग |
| 100 ## - MAIN ENTRY--PERSONAL NAME | |
| Personal name | सहगल, मनमोहन |
| 9 (RLIN) | 89028 |
| 245 ## - TITLE STATEMENT | |
| Title | काव्य का दार्शनिक विश्लेषण : |
| Statement of responsibility, etc | मनमोहन सहगल |
| Remainder of title | मुख्यत: गुरु नानक-काव्य के सन्दर्भ / |
| 246 ## - VARYING FORM OF TITLE | |
| Title proper/short title | Kavya ka darshnik vishleshan : mukhyat: Guru Nanat kavya ke sandarbh me / |
| Remainder of title | by Manmohan Sahgal |
| 260 ## - PUBLICATION, DISTRIBUTION, ETC. (IMPRINT) | |
| Place of publication, distribution, etc | चंडीगढ़ |
| Name of publisher, distributor, etc | भारतेंदु भवन |
| Date of publication, distribution, etc | 1965 |
| 270 ## - ADDRESS | |
| City | चंडीगढ़ |
| Address | सैक्टर, 15 ए |
| Postal code | 2 |
| 300 ## - PHYSICAL DESCRIPTION | |
| Extent | विभिन्न पृष्ठ |
| Dimensions | 20सेमी(सजिल्द ) |
| 500 ## - GENERAL NOTE | |
| General note | सन्दर्भ सूची शामिल |
| 650 ## - SUBJECT ADDED ENTRY--TOPICAL TERM | |
| Topical term or geographic name as entry element | साहित्य--काव्य |
| General subdivision | |
| Geographic subdivision | |
| 9 (RLIN) | 89029 |
| 650 ## - SUBJECT ADDED ENTRY--TOPICAL TERM | |
| Topical term or geographic name as entry element | हिंदी--काव्य |
| 9 (RLIN) | 89030 |
| 650 ## - SUBJECT ADDED ENTRY--TOPICAL TERM | |
| Topical term or geographic name as entry element | Literature--Poetry |
| 9 (RLIN) | 89031 |
| 650 ## - SUBJECT ADDED ENTRY--TOPICAL TERM | |
| Topical term or geographic name as entry element | Literature - Poetry |
| 9 (RLIN) | 89032 |
| 942 ## - ADDED ENTRY ELEMENTS (KOHA) | |
| Source of classification or shelving scheme | Dewey Decimal Classification |
| Koha item type | Hindi Books |
| Classification part | 821.08 |
| Call number suffix | सहग |
| Withdrawn status | Lost status | Damaged status | Not for loan | Home library | Current library | Date acquired | Source of acquisition | Cost, normal purchase price | Total Checkouts | Full call number | Barcode | Date last seen | Date checked out | Copy number | Cost, replacement price | Price effective from | Koha item type |
|---|---|---|---|---|---|---|---|---|---|---|---|---|---|---|---|---|---|
| Central Library | Central Library | 21/09/2015 | Cen Lib/Ref | 12.50 | 2 | 821.08 सहग | 407509 | 07/08/2018 | 30/07/2018 | 1 | 12.50 | 21/09/2015 | Hindi Books |
